[Event "Paignton Premier"]
[Site "Paignton"]
[Date "2005.09.09"]
[Round "6"]
[White "Wright, Daniel"]
[Black "Berry, Stephen H"]
[Result "1/2-1/2"]
[WhiteElo "2220"]
[BlackElo "2325"]
[PlyCount "50"]
[EventDate "2005.09.04"]
[EventType "swiss"]
[EventRounds "7"]
[EventCountry "ENG"]
[SourceTitle "EXT 2007"]
[Source "ChessBase"]
[SourceDate "2006.11.23"]
[SourceVersion "1"]
[SourceVersionDate "2006.11.23"]
[SourceQuality "1"]

1. c4 e5 2. g3 d6 3. Nc3 f5 4. d4 Be7 5. Bg2 Nf6 6. e3 O-O 7. Nge2 c6 8. O-O
Na6 9. Rb1 Nc7 10. b3 e4 11. f4 d5 12. c5 b6 13. b4 Ba6 14. h3 Qd7 15. Bd2 Rfb8
16. a3 Bd3 17. Ra1 Ne6 18. Na4 Qb7 19. Bc3 Nc7 20. Re1 Nb5 21. Bb2 Nd7 22. Nc1
Bc4 23. Bf1 Bxf1 24. Rxf1 a5 25. Nb3 axb4 1/2-1/2

[Event "Paignton Premier"]
[Site "Paignton"]
[Date "2005.09.10"]
[Round "7"]
[White "Berry, Stephen H"]
[Black "Adams, David M"]
[Result "1-0"]
[WhiteElo "2325"]
[BlackElo "2235"]
[PlyCount "113"]
[EventDate "2005.09.04"]
[EventType "swiss"]
[EventRounds "7"]
[EventCountry "ENG"]
[SourceTitle "EXT 2007"]
[Source "ChessBase"]
[SourceDate "2006.11.23"]
[SourceVersion "1"]
[SourceVersionDate "2006.11.23"]
[SourceQuality "1"]

1. e4 Nf6 2. e5 Nd5 3. d4 d6 4. c4 Nb6 5. exd6 cxd6 6. Nc3 g6 7. Bd3 Bg7 8.
Nge2 O-O 9. O-O d5 10. c5 N6d7 11. Be3 Nc6 12. Bb5 Nf6 13. f3 Bd7 14. Bxc6 bxc6
15. Qd2 Re8 16. Rfe1 Bc8 17. Bh6 Bf8 18. Ng3 Nd7 19. f4 e6 20. Rad1 f5 21. Bg5
Qc7 22. Nf1 Bg7 23. h3 Ba6 24. Nh2 Bf6 25. Nf3 Kg7 26. Re3 h6 27. Bxf6+ Nxf6
28. Ne5 Kh7 29. Kh2 Rg8 30. g4 Rg7 31. Rg3 Rag8 32. Rdg1 Ne4 33. Nxe4 fxe4 34.
R1g2 Rf8 35. Kg1 g5 36. Rf2 gxf4 37. Rxf4 Rxf4 38. Qxf4 Qa5 39. Qf2 Qxa2 40.
Nxc6 Qa4 41. Ne5 Qa1+ 42. Kh2 Rb7 43. b3 Qf1 44. Qxf1 Bxf1 45. Rc3 Kg7 46. Kg3
Bb5 47. h4 Be8 48. Kf4 Kf6 49. g5+ hxg5+ 50. hxg5+ Ke7 51. Rh3 Rb4 52. Rh7+ Kf8
53. g6 e3 54. Kxe3 Rxb3+ 55. Kf4 Kg8 56. Re7 Bb5 57. Ng4 1-0

[Event "Leipzig VfB op 13th"]
[Site "Leipzig"]
[Date "2006.03.14"]
[Round "1"]
[White "Berry, Stephen H"]
[Black "Abromeit, Guenter"]
[Result "1-0"]
[WhiteElo "2346"]
[BlackElo "1943"]
[PlyCount "49"]
[EventDate "2006.03.14"]
[EventType "swiss"]
[EventRounds "9"]
[EventCountry "GER"]
[SourceTitle "EXT 2008"]
[Source "ChessBase"]
[SourceDate "2007.11.25"]
[SourceVersion "1"]
[SourceVersionDate "2007.11.25"]
[SourceQuality "1"]

1. e4 e6 2. d4 d5 3. e5 c5 4. c3 Nc6 5. Nf3 Nge7 6. Na3 a6 7. Be2 Ng6 8. O-O
Be7 9. Nc2 O-O 10. Be3 Bd7 11. Qd2 Rc8 12. Bd3 c4 13. Be2 b5 14. Rae1 a5 15.
Bg5 f6 16. exf6 Bxf6 17. Bxf6 Qxf6 18. g3 Rce8 19. Ne3 Qe7 20. Bd1 Qd6 21. Ng4
Rf5 22. Nfe5 Ncxe5 23. dxe5 Nxe5 24. Nxe5 Rxe5 25. Qf4 1-0

[Event "Leipzig VfB op 13th"]
[Site "Leipzig"]
[Date "2006.03.15"]
[Round "2"]
[White "Schmitz, Manuela"]
[Black "Berry, Stephen H"]
[Result "0-1"]
[WhiteElo "2067"]
[BlackElo "2346"]
[PlyCount "60"]
[EventDate "2006.03.14"]
[EventType "swiss"]
[EventRounds "9"]
[EventCountry "GER"]
[SourceTitle "EXT 2008"]
[Source "ChessBase"]
[SourceDate "2007.11.25"]
[SourceVersion "1"]
[SourceVersionDate "2007.11.25"]
[SourceQuality "1"]

1. d4 Nf6 2. c4 e6 3. Nf3 b6 4. e3 Bb7 5. Bd3 Be7 6. O-O O-O 7. Nc3 d5 8. b3 c5
9. Bb2 cxd4 10. Nxd4 dxc4 11. Bxc4 Nbd7 12. Rc1 a6 13. Bd3 Ne5 14. Bb1 Qb8 15.
h3 Rd8 16. Qe2 Ng6 17. Rfd1 Nh4 18. e4 Qf4 19. g3 Qg5 20. Kh2 e5 21. f4 exf4
22. gxh4 Qg3+ 23. Kh1 Bc5 24. Nf5 Qxh3+ 25. Qh2 Qxf5 26. Qg2 Qh5 27. Qg5 Qf3+
28. Qg2 Qg4 29. Qh2 Rxd1+ 30. Rxd1 Nxe4 0-1

[Event "Leipzig VfB op 13th"]
[Site "Leipzig"]
[Date "2006.03.15"]
[Round "3"]
[White "Berry, Stephen H"]
[Black "Nabavi, Parwis"]
[Result "1-0"]
[WhiteElo "2346"]
[BlackElo "2137"]
[PlyCount "71"]
[EventDate "2006.03.14"]
[EventType "swiss"]
[EventRounds "9"]
[EventCountry "GER"]
[SourceTitle "EXT 2008"]
[Source "ChessBase"]
[SourceDate "2007.11.25"]
[SourceVersion "1"]
[SourceVersionDate "2007.11.25"]
[SourceQuality "1"]

1. e4 c5 2. Nf3 d6 3. Bc4 Nf6 4. d3 e6 5. Bb3 Be7 6. O-O O-O 7. c3 b6 8. Re1
Bb7 9. Nbd2 Nbd7 10. Nf1 Ne5 11. Ng3 Nfd7 12. d4 Nxf3+ 13. Qxf3 Bg5 14. Qg4
Bxc1 15. Raxc1 Nf6 16. Qf4 Kh8 17. dxc5 dxc5 18. Rcd1 Qb8 19. Qh4 Rd8 20. e5
Rxd1 21. Bxd1 Ng8 22. Bc2 g6 23. Qf4 Qc7 24. h4 Rd8 25. h5 Kg7 26. hxg6 hxg6
27. Qg5 Kf8 28. Be4 Bxe4 29. Nxe4 Qe7 30. Qf4 Kg7 31. Re3 Rd1+ 32. Kh2 Rd5 33.
Rh3 Rd8 34. Nf6 Qb7 35. Nxg8 Kxg8 36. Qf6 1-0

[Event "Leipzig VfB op 13th"]
[Site "Leipzig"]
[Date "2006.03.16"]
[Round "4"]
[White "Michalowski, Peter"]
[Black "Berry, Stephen H"]
[Result "0-1"]
[WhiteElo "1967"]
[BlackElo "2346"]
[PlyCount "74"]
[EventDate "2006.03.14"]
[EventType "swiss"]
[EventRounds "9"]
[EventCountry "GER"]
[SourceTitle "EXT 2008"]
[Source "ChessBase"]
[SourceDate "2007.11.25"]
[SourceVersion "1"]
[SourceVersionDate "2007.11.25"]
[SourceQuality "1"]

1. e4 e5 2. Nf3 Nc6 3. Bb5 a6 4. Ba4 d6 5. c3 Bd7 6. O-O Nf6 7. Qe2 Be7 8. Rd1
O-O 9. d4 Nxd4 10. cxd4 Bxa4 11. b3 Bb5 12. Qc2 exd4 13. Nxd4 Bd7 14. Nc3 Re8
15. f3 c6 16. Nde2 Qb6+ 17. Kh1 Rad8 18. Na4 Qa7 19. Qd3 Be6 20. Be3 c5 21. Nf4
b5 22. Nc3 Qb8 23. Rac1 Bf8 24. Kg1 Nd7 25. Nfd5 Nb6 26. Nxb6 Qxb6 27. Rc2 b4
28. Nd5 Bxd5 29. Qxd5 Re5 30. Qc4 d5 31. Qd3 Rde8 32. Rdc1 dxe4 33. fxe4 Rxe4
34. Bxc5 Bxc5+ 35. Rxc5 Re1+ 36. Rxe1 Rxe1+ 37. Kf2 Re5 0-1

[Event "Leipzig VfB op 13th"]
[Site "Leipzig"]
[Date "2006.03.16"]
[Round "5"]
[White "Berry, Stephen H"]
[Black "Spiess, Gunter"]
[Result "1/2-1/2"]
[WhiteElo "2346"]
[BlackElo "2406"]
[PlyCount "44"]
[EventDate "2006.03.14"]
[EventType "swiss"]
[EventRounds "9"]
[EventCountry "GER"]
[SourceTitle "EXT 2008"]
[Source "ChessBase"]
[SourceDate "2007.11.25"]
[SourceVersion "1"]
[SourceVersionDate "2007.11.25"]
[SourceQuality "1"]

1. e4 e6 2. d4 d5 3. e5 c5 4. c3 Nc6 5. Nf3 Qb6 6. a3 Nh6 7. b4 cxd4 8. Bxh6
gxh6 9. cxd4 Bd7 10. Be2 Bg7 11. O-O O-O 12. Ra2 a6 13. Nc3 f6 14. exf6 Rxf6
15. Na4 Qc7 16. Nc5 Raf8 17. Rd2 Be8 18. Rd3 Bh5 19. Re3 Qc8 20. Nb3 Rf4 21. g3
Re4 22. Rxe4 dxe4 1/2-1/2

[Event "Leipzig VfB op 13th"]
[Site "Leipzig"]
[Date "2006.03.17"]
[Round "6"]
[White "Berry, Stephen H"]
[Black "Langrock, Hannes"]
[Result "0-1"]
[WhiteElo "2346"]
[BlackElo "2422"]
[PlyCount "108"]
[EventDate "2006.03.14"]
[EventType "swiss"]
[EventRounds "9"]
[EventCountry "GER"]
[SourceTitle "EXT 2008"]
[Source "ChessBase"]
[SourceDate "2007.11.25"]
[SourceVersion "1"]
[SourceVersionDate "2007.11.25"]
[SourceQuality "1"]

1. e4 e6 2. d4 d5 3. e5 c5 4. c3 Bd7 5. Nf3 Qb6 6. a3 Bb5 7. c4 dxc4 8. Nc3 Nc6
9. d5 O-O-O 10. d6 f6 11. b4 Nxe5 12. bxc5 Qxc5 13. Be3 Nxf3+ 14. gxf3 Qe5 15.
Nxb5 Qxb5 16. Bxc4 Qa5+ 17. Ke2 Bxd6 18. Qb3 Bc5 19. Rhc1 Kb8 20. Rab1 b6 21.
Bxe6 Bxe3 22. Qxe3 Ne7 23. Kf1 Nd5 24. Bxd5 Qxd5 25. Qf4+ Qd6 26. Qg3 Qxg3 27.
hxg3 Rd3 28. a4 Rxf3 29. a5 Kb7 30. a6+ Kb8 31. Rb4 Ra3 32. Re4 Rxa6 33. Re7
Rg8 34. Rcc7 Ka8 35. Kg2 Rb8 36. Rxg7 b5 37. Rxh7 b4 38. Rh1 b3 39. Rb1 b2 40.
Rc2 Ra2 41. Kf3 a5 42. Ke4 Ra4+ 43. Kd3 Rab4 44. Rc5 a4 45. Kc2 R8b6 46. Rc8+
Ka7 47. Rc3 R6b5 48. f3 Rh5 49. g4 Rh2+ 50. Kd3 Kb6 51. Rc8 Rb3+ 52. Ke4 Kb7
53. Rc4 a3 54. Ra4 Rc3 0-1

[Event "Leipzig VfB op 13th"]
[Site "Leipzig"]
[Date "2006.03.18"]
[Round "7"]
[White "Geiling, Christian"]
[Black "Berry, Stephen H"]
[Result "0-1"]
[WhiteElo "2143"]
[BlackElo "2346"]
[PlyCount "65"]
[EventDate "2006.03.14"]
[EventType "swiss"]
[EventRounds "9"]
[EventCountry "GER"]
[SourceTitle "EXT 2008"]
[Source "ChessBase"]
[SourceDate "2007.11.25"]
[SourceVersion "1"]
[SourceVersionDate "2007.11.25"]
[SourceQuality "1"]

1. c4 e6 2. Nf3 b6 3. g3 Bb7 4. Bg2 Nf6 5. O-O Be7 6. d4 O-O 7. d5 exd5 8. Nd4
Bc6 9. Nc3 dxc4 10. e4 Bc5 11. Nf5 d6 12. Bg5 Re8 13. Qf3 Nbd7 14. Qf4 Re5 15.
Qh4 Qf8 16. Bf4 Re6 17. Nd5 Bxd5 18. exd5 Re2 19. Bg5 Rae8 20. Rac1 R8e5 21. g4
Ne4 22. Bxe4 R2xe4 23. Qh5 h6 24. Bxh6 gxh6 25. Nxh6+ Kg7 26. Nf5+ Rxf5 27.
Qxf5 Qe7 28. Rc3 Nf8 29. Rf3 Ng6 30. Rh3 Qe5 31. Qd7 Rf4 32. Kg2 Qe4+ 33. Kg3
0-1

[Event "Leipzig VfB op 13th"]
[Site "Leipzig"]
[Date "2006.03.18"]
[Round "8"]
[White "Berry, Stephen H"]
[Black "Dexter, Daniel"]
[Result "1-0"]
[WhiteElo "2346"]
[BlackElo "2245"]
[PlyCount "161"]
[EventDate "2006.03.14"]
[EventType "swiss"]
[EventRounds "9"]
[EventCountry "GER"]
[SourceTitle "EXT 2008"]
[Source "ChessBase"]
[SourceDate "2007.11.25"]
[SourceVersion "1"]
[SourceVersionDate "2007.11.25"]
[SourceQuality "1"]

1. e4 c5 2. Nf3 d6 3. Bc4 Nf6 4. d3 Nc6 5. c3 e6 6. O-O Be7 7. Bb3 O-O 8. Re1
b5 9. Nbd2 Bb7 10. Nf1 Ne5 11. Bc2 Rc8 12. Ng3 Qb6 13. h3 Rfd8 14. Be3 Nxf3+
15. Qxf3 d5 16. Qe2 d4 17. cxd4 cxd4 18. Bf4 Rc5 19. Rec1 h5 20. Bb3 Rdc8 21.
Rxc5 Rxc5 22. Rc1 h4 23. Nf1 Nh5 24. Bd2 g6 25. Rxc5 Qxc5 26. Nh2 Bg5 27. Nf3
Bd8 28. Qe1 Qb6 29. Qc1 b4 30. Bg5 Ba6 31. Qd2 Bxg5 32. Nxg5 Qb8 33. Nf3 Nf4
34. e5 Nxd3 35. Qg5 Nc5 36. Nxd4 Bd3 37. Qe3 Ba6 38. Nf3 Nd3 39. Qh6 Nxe5 40.
Ng5 Qd6 41. Qxh4 Bb7 42. Bxe6 Kf8 43. Bb3 a5 44. Qg3 Qc6 45. f3 Qc1+ 46. Kh2
Qxb2 47. Qf4 f5 48. h4 Ba6 49. Qe3 Qc3 50. Qa7 Ng4+ 51. fxg4 Qe5+ 52. Kh1 Qe1+
53. Qg1 Qxh4+ 54. Nh3 Bb7 55. Qc5+ Ke8 56. Qe3+ Kd8 57. gxf5 gxf5 58. Qb6+ Kc8
59. Be6+ Kb8 60. Qe3 f4 61. Qxf4+ Qxf4 62. Nxf4 Kc7 63. Kg1 Kd6 64. Bb3 Ke5 65.
g3 Kd4 66. Kf2 Bc6 67. g4 a4 68. Bf7 Kc3 69. Ke3 b3 70. axb3 axb3 71. Ne2+ Kb4
72. Nd4 b2 73. Nxc6+ Kc5 74. Bg6 Kxc6 75. Kf4 Kd6 76. Bb1 Ke7 77. Kg5 Kf8 78.
Kf6 Kg8 79. g5 Kf8 80. g6 Kg8 81. Ba2+ 1-0

[Event "Leipzig VfB op 13th"]
[Site "Leipzig"]
[Date "2006.03.19"]
[Round "9"]
[White "Hoffmann, Paul"]
[Black "Berry, Stephen H"]
[Result "0-1"]
[WhiteElo "2240"]
[BlackElo "2346"]
[PlyCount "47"]
[EventDate "2006.03.14"]
[EventType "swiss"]
[EventRounds "9"]
[EventCountry "GER"]
[SourceTitle "EXT 2008"]
[Source "ChessBase"]
[SourceDate "2007.11.25"]
[SourceVersion "1"]
[SourceVersionDate "2007.11.25"]
[SourceQuality "1"]

1. e4 e5 2. d4 exd4 3. Qxd4 Nc6 4. Qe3 Nf6 5. Bd2 Bb4 6. Nc3 O-O 7. O-O-O Re8
8. Qg3 Rxe4 9. a3 Rg4 10. Qh3 Bf8 11. f3 Rd4 12. Nge2 Rc4 13. Nf4 Rc5 14. g4 d6
15. Qg2 Re5 16. h4 d5 17. g5 Ne8 18. Nd3 Rf5 19. f4 Be6 20. Qf2 d4 21. Ne2 Qd5
22. Bh3 Qa2 23. Be1 Nd6 24. Bxf5 0-1

[Event "Paignton Premier"]
[Site "Paignton"]
[Date "2006.09.03"]
[Round "1"]
[White "Bolt, Graham"]
[Black "Berry, Stephen H"]
[Result "0-1"]
[WhiteElo "2100"]
[BlackElo "2365"]
[PlyCount "62"]
[EventDate "2006.09.03"]
[EventType "swiss"]
[EventRounds "7"]
[EventCountry "ENG"]
[SourceTitle "CBM 114 Extra"]
[Source "ChessBase"]
[SourceDate "2006.11.03"]
[SourceVersion "1"]
[SourceVersionDate "2006.11.03"]
[SourceQuality "1"]

1. e4 Nf6 2. e5 Nd5 3. c4 Nb6 4. d4 d6 5. exd6 exd6 6. h3 Be7 7. Nf3 O-O 8. Be2
Bf6 9. O-O Re8 10. Nc3 Nc6 11. Be3 Bf5 12. Rc1 h6 13. Re1 d5 14. b3 Be6 15. c5
Nc8 16. Bf4 a6 17. Ne5 N8e7 18. Bf3 Nf5 19. Nxc6 bxc6 20. Be5 Bxe5 21. Rxe5 Qf6
22. Bg4 Nh4 23. Bxe6 Rxe6 24. Rxe6 fxe6 25. Qd2 Qg6 26. Kf1 Qxg2+ 27. Ke2 Qf3+
28. Ke1 Ng2+ 29. Kf1 Nf4 30. Ne2 Qh1+ 31. Ng1 Qg2+ 0-1

[Event "Paignton Premier"]
[Site "Paignton"]
[Date "2006.09.04"]
[Round "2"]
[White "Berry, Stephen H"]
[Black "Lewyk, Ihor"]
[Result "1-0"]
[WhiteElo "2365"]
[BlackElo "2106"]
[PlyCount "93"]
[EventDate "2006.09.03"]
[EventType "swiss"]
[EventRounds "7"]
[EventCountry "ENG"]
[SourceTitle "CBM 114 Extra"]
[Source "ChessBase"]
[SourceDate "2006.11.03"]
[SourceVersion "1"]
[SourceVersionDate "2006.11.03"]
[SourceQuality "1"]

1. e4 d5 2. exd5 Nf6 3. Nf3 Nxd5 4. d4 Bf5 5. Nh4 Qd7 6. Nxf5 Qxf5 7. Bd3 Qd7
8. O-O e6 9. Nd2 Nc6 10. Nf3 Bd6 11. c4 Nf4 12. Bc2 g5 13. d5 exd5 14. Bxf4
Bxf4 15. cxd5 Ne7 16. Ba4 b5 17. Bb3 O-O-O 18. a4 b4 19. Qd4 Nxd5 20. Qxa7 c6
21. Qa8+ Kc7 22. Qa5+ Kb7 23. Bxd5 Qxd5 24. Qxb4+ Ka7 25. Rae1 Rd7 26. Re7 Rhd8
27. Rfe1 Bd6 28. Rxd7+ Rxd7 29. Qg4 Be7 30. h3 f5 31. Qd4+ Qxd4 32. Nxd4 Rxd4
33. Rxe7+ Kb6 34. Rxh7 Rxa4 35. Rh5 g4 36. Rxf5 gxh3 37. Re5 hxg2 38. Kxg2 Rb4
39. Re2 Kb5 40. Kg3 Kc5 41. f4 Kd4 42. f5 Kd3 43. Rf2 Rb7 44. Kf4 c5 45. f6 c4
46. Kg5 Ke3 47. Rh2 1-0

[Event "Paignton Premier"]
[Site "Paignton"]
[Date "2006.09.05"]
[Round "3"]
[White "Mordue, A Tyson"]
[Black "Berry, Stephen H"]
[Result "0-1"]
[WhiteElo "2290"]
[BlackElo "2365"]
[PlyCount "136"]
[EventDate "2006.09.03"]
[EventType "swiss"]
[EventRounds "7"]
[EventCountry "ENG"]
[SourceTitle "CBM 114 Extra"]
[Source "ChessBase"]
[SourceDate "2006.11.03"]
[SourceVersion "1"]
[SourceVersionDate "2006.11.03"]
[SourceQuality "1"]

1. e4 e5 2. Nf3 Nc6 3. Bb5 a6 4. Ba4 d6 5. c3 Bd7 6. d4 g6 7. d5 Nce7 8. Bxd7+
Qxd7 9. c4 Bg7 10. Nc3 h6 11. Qb3 b6 12. Bd2 Nf6 13. Qc2 O-O 14. h3 c5 15.
O-O-O b5 16. g4 Nc8 17. Be3 Nb6 18. Nd2 Rfb8 19. f3 Nxc4 20. Nxc4 bxc4 21. f4
exf4 22. Bxf4 Re8 23. Rhe1 Re7 24. Qd2 Rae8 25. e5 dxe5 26. Bxh6 e4 27. Bxg7
Kxg7 28. Re3 Re5 29. Qe2 Nxd5 30. Qd2 Rd8 31. g5 Nxe3 32. Qxd7 Rxd7 33. Rxd7
Rxg5 34. Ra7 Re5 35. Kd2 Nf5 36. Rxa6 e3+ 37. Ke1 Nd4 38. Ne2 Rg5 39. Rd6 Nxe2
40. Kxe2 Rg2+ 41. Kxe3 Rxb2 42. Rc6 Rxa2 43. Rxc5 Ra3+ 44. Kf4 Rxh3 45. Rxc4
Kh6 46. Rc8 Rh4+ 47. Kg3 Ra4 48. Rc5 f5 49. Rb5 Kg5 50. Rb3 Rg4+ 51. Kf3 Rh4
52. Rb6 Rh3+ 53. Kg2 Ra3 54. Rc6 f4 55. Rb6 Kf5 56. Rc6 g5 57. Rc2 Kg4 58. Rb2
Rg3+ 59. Kh2 Rh3+ 60. Kg2 f3+ 61. Kg1 Rh8 62. Rb5 Kf4 63. Ra5 g4 64. Ra2 Rb8
65. Ra4+ Kg3 66. Ra1 Rb2 67. Re1 f2+ 68. Kh1 fxe1=Q# 0-1

[Event "Paignton Premier"]
[Site "Paignton"]
[Date "2006.09.06"]
[Round "4"]
[White "Berry, Stephen H"]
[Black "Wheeler, John Francis"]
[Result "1-0"]
[WhiteElo "2365"]
[BlackElo "2173"]
[PlyCount "101"]
[EventDate "2006.09.03"]
[EventType "swiss"]
[EventRounds "7"]
[EventCountry "ENG"]
[SourceTitle "CBM 114 Extra"]
[Source "ChessBase"]
[SourceDate "2006.11.03"]
[SourceVersion "1"]
[SourceVersionDate "2006.11.03"]
[SourceQuality "1"]

1. e4 e5 2. Nf3 Nf6 3. Nxe5 d6 4. Nf3 Nxe4 5. c4 Nc6 6. Nc3 Nxc3 7. dxc3 Be7 8.
Bd3 d5 9. Bf4 Be6 10. Qe2 dxc4 11. Bxc4 Bxc4 12. Qxc4 O-O 13. O-O Bd6 14. Rad1
Qf6 15. Bxd6 cxd6 16. Nd2 Ne5 17. Qd5 b6 18. Ne4 Qg6 19. Nxd6 Ng4 20. Nf5 Qf6
21. Qe4 h5 22. Ne7+ Kh8 23. Nd5 Qc6 24. h3 Nh6 25. Qe5 h4 26. Rd4 Rad8 27. Rfd1
Rd6 28. Qf4 Rfd8 29. Ne3 Rxd4 30. Rxd4 Rxd4 31. Qxd4 Qg6 32. Qd8+ Kh7 33. Qd1
Qe6 34. Qd3+ g6 35. c4 Qe5 36. Qd2 Qe4 37. b4 Qb1+ 38. Kh2 Qa1 39. f4 Qf6 40.
Nd5 Qd6 41. Qd4 Ng8 42. c5 bxc5 43. bxc5 Qe6 44. Qe5 Qa6 45. f5 Qxa2 46. fxg6+
fxg6 47. c6 Qc4 48. c7 Qc6 49. Ne7 Nxe7 50. Qxe7+ Kh6 51. Qf8+ 1-0

[Event "Paignton Premier"]
[Site "Paignton"]
[Date "2006.09.07"]
[Round "5"]
[White "Hodgson, John H"]
[Black "Berry, Stephen H"]
[Result "1/2-1/2"]
[WhiteElo "2218"]
[BlackElo "2365"]
[PlyCount "21"]
[EventDate "2006.09.03"]
[EventType "swiss"]
[EventRounds "7"]
[EventCountry "ENG"]
[SourceTitle "CBM 114 Extra"]
[Source "ChessBase"]
[SourceDate "2006.11.03"]
[SourceVersion "1"]
[SourceVersionDate "2006.11.03"]
[SourceQuality "1"]

1. e4 e5 2. Nf3 d6 3. d4 exd4 4. Nxd4 Nf6 5. Nc3 Be7 6. Bf4 O-O 7. Qd2 a6 8.
O-O-O b5 9. Be2 Bb7 10. Bf3 b4 11. Nd5 1/2-1/2

[Event "Paignton Premier"]
[Site "Paignton"]
[Date "2006.09.08"]
[Round "6"]
[White "Berry, Stephen H"]
[Black "Adams, David M"]
[Result "1-0"]
[WhiteElo "2365"]
[BlackElo "2223"]
[PlyCount "111"]
[EventDate "2006.09.03"]
[EventType "swiss"]
[EventRounds "7"]
[EventCountry "ENG"]
[SourceTitle "CBM 114 Extra"]
[Source "ChessBase"]
[SourceDate "2006.11.03"]
[SourceVersion "1"]
[SourceVersionDate "2006.11.03"]
[SourceQuality "1"]

1. e4 Nf6 2. e5 Nd5 3. d4 d6 4. c4 Nb6 5. exd6 cxd6 6. Nc3 g6 7. Bd3 Bg7 8.
Nge2 O-O 9. O-O d5 10. c5 N6d7 11. Bf4 Nc6 12. Bb5 Nf6 13. f3 Bd7 14. a3 Na5
15. Bd3 Bf5 16. Bxf5 gxf5 17. Qd3 e6 18. Nb5 Ne8 19. Rac1 Qd7 20. Nd6 Nxd6 21.
Bxd6 Rfc8 22. b3 b6 23. Bf4 Qb7 24. b4 Nc4 25. Ng3 bxc5 26. dxc5 Qa6 27. Ra1
Bxa1 28. Rxa1 e5 29. Bg5 f4 30. Nf5 Qe6 31. Ne7+ Kg7 32. Nxd5 Ne3 33. Bf6+ Kf8
34. Qxh7 Ke8 35. Nxe3 fxe3 36. Bg5 e2 37. Qe4 a5 38. Re1 f6 39. Bh4 axb4 40.
axb4 Ra4 41. Rxe2 Rb8 42. Qg6+ Qf7 43. Qxf6 Qxf6 44. Bxf6 Rbxb4 45. Bxe5 Rc4
46. Bd6+ Kf7 47. Kf2 Kg6 48. g4 Rc3 49. Re6+ Kf7 50. Re5 Rc2+ 51. Kg3 Raa2 52.
h4 Rc3 53. h5 Kg7 54. g5 Ra4 55. Re7+ Kg8 56. h6 1-0

[Event "Paignton Premier"]
[Site "Paignton"]
[Date "2006.09.09"]
[Round "7"]
[White "Milnes, Anthony CP"]
[Black "Berry, Stephen H"]
[Result "0-1"]
[WhiteElo "2127"]
[BlackElo "2365"]
[PlyCount "80"]
[EventDate "2006.09.03"]
[EventType "swiss"]
[EventRounds "7"]
[EventCountry "ENG"]
[SourceTitle "CBM 114 Extra"]
[Source "ChessBase"]
[SourceDate "2006.11.03"]
[SourceVersion "1"]
[SourceVersionDate "2006.11.03"]
[SourceQuality "1"]

1. f4 g6 2. Nf3 Bg7 3. g3 d5 4. Bg2 Nf6 5. d3 O-O 6. O-O b6 7. c3 Bb7 8. Qe1
Nbd7 9. Na3 e6 10. Bd2 a6 11. Nc2 c5 12. Rb1 Qc7 13. b3 Rae8 14. h3 e5 15. fxe5
Nxe5 16. Qf2 Nh5 17. g4 Nxf3+ 18. Bxf3 Nf4 19. Bxf4 Qxf4 20. e3 Qd6 21. d4 Re7
22. Qg2 Qd7 23. Rbe1 Rfe8 24. Rf2 a5 25. Rd2 cxd4 26. cxd4 Rc8 27. Ree2 Qd6 28.
Qh2 Qe6 29. Qg2 Rec7 30. Kh1 Rc3 31. Kg1 b5 32. g5 Qd6 33. Kh1 b4 34. Qh2 Qd8
35. Qf4 Ba6 36. Rf2 Bd3 37. Ne1 Bf5 38. Kh2 Bf8 39. Kg1 Bd6 40. Qh4 Be7 0-1

[Event "Leipzig VfB op 14th"]
[Site "Leipzig"]
[Date "2007.03.20"]
[Round "1"]
[White "Berry, Stephen H"]
[Black "Schumann, Martin"]
[Result "1-0"]
[WhiteElo "2379"]
[BlackElo "1924"]
[PlyCount "37"]
[EventDate "2007.03.20"]
[EventType "swiss"]
[EventRounds "9"]
[EventCountry "GER"]
[SourceTitle "EXT 2008"]
[Source "ChessBase"]
[SourceDate "2007.11.25"]
[SourceVersion "1"]
[SourceVersionDate "2007.11.25"]
[SourceQuality "1"]

1. e4 e5 2. Nf3 Nc6 3. Bb5 a6 4. Bxc6 dxc6 5. O-O Bg4 6. h3 h5 7. d3 Bc5 8. Be3
Bxe3 9. fxe3 Bxf3 10. Qxf3 Qd7 11. Nd2 f6 12. Nc4 O-O-O 13. a4 c5 14. Rfb1 Ne7
15. b4 cxb4 16. Rxb4 Nc6 17. Rb2 a5 18. Rab1 b6 19. Rxb6 1-0

[Event "Leipzig VfB op 14th"]
[Site "Leipzig"]
[Date "2007.03.21"]
[Round "2"]
[White "Marquardt, Alexander"]
[Black "Berry, Stephen H"]
[Result "1/2-1/2"]
[WhiteElo "2094"]
[BlackElo "2379"]
[PlyCount "76"]
[EventDate "2007.03.20"]
[EventType "swiss"]
[EventRounds "9"]
[EventCountry "GER"]
[SourceTitle "EXT 2008"]
[Source "ChessBase"]
[SourceDate "2007.11.25"]
[SourceVersion "1"]
[SourceVersionDate "2007.11.25"]
[SourceQuality "1"]

1. c4 e5 2. Nc3 d6 3. Nf3 f5 4. g3 Nf6 5. Bg2 Be7 6. O-O O-O 7. d4 e4 8. Ne1 c6
9. Nc2 Na6 10. Ne3 Nc7 11. d5 c5 12. f3 exf3 13. exf3 Bd7 14. a4 Nfe8 15. Ne2
g5 16. f4 g4 17. Bd2 Bf6 18. Bc3 Ng7 19. Qb3 b6 20. Rfe1 Re8 21. Bxf6 Qxf6 22.
Qc3 Qg6 23. Nc1 Re7 24. Nb3 Rae8 25. Nd2 h5 26. b3 h4 27. Kf2 Nh5 28. Nc2 Na6
29. Rxe7 Rxe7 30. Re1 Qe8 31. Nb1 Kf7 32. Rxe7+ Qxe7 33. Qh8 hxg3+ 34. hxg3 Ng7
35. Qh6 Nc7 36. Nc3 a6 37. Bf1 Nce8 38. Bd3 Qf6 1/2-1/2

[Event "Leipzig VfB op 14th"]
[Site "Leipzig"]
[Date "2007.03.21"]
[Round "3"]
[White "Berry, Stephen H"]
[Black "Starke, Burkhard"]
[Result "0-1"]
[WhiteElo "2379"]
[BlackElo "2097"]
[PlyCount "88"]
[EventDate "2007.03.20"]
[EventType "swiss"]
[EventRounds "9"]
[EventCountry "GER"]
[SourceTitle "EXT 2008"]
[Source "ChessBase"]
[SourceDate "2007.11.25"]
[SourceVersion "1"]
[SourceVersionDate "2007.11.25"]
[SourceQuality "1"]

1. e4 c6 2. d4 d5 3. e5 Bf5 4. Nf3 e6 5. Be2 Nd7 6. O-O Be7 7. Be3 g5 8. b3 Bg6
9. Qd2 g4 10. Ne1 h5 11. Nd3 f5 12. exf6 Ngxf6 13. Nc3 Bf5 14. a3 Bd6 15. Bf4
Qc7 16. Rfe1 O-O-O 17. Bxd6 Qxd6 18. Bf1 Be4 19. Qe3 Rhg8 20. b4 a6 21. Nc5 e5
22. N3xe4 dxe4 23. dxe5 Nxe5 24. Nxe4 Nxe4 25. Qxe4 Rde8 26. Qf5+ Kb8 27. Rad1
Qc7 28. Re3 Qg7 29. Qf4 Ka8 30. a4 h4 31. b5 Rgf8 32. Qd4 Qf6 33. Rxe5 Rxe5 34.
bxa6 bxa6 35. Rd2 Rd5 36. Qe3 Rxd2 37. Qxd2 g3 38. f3 Rd8 39. Qe2 Qd4+ 40. Kh1
Qxa4 41. f4 Qa1 42. Qc4 Kb7 43. f5 Rd1 44. Qb4+ Kc8 0-1

[Event "Leipzig VfB op 14th"]
[Site "Leipzig"]
[Date "2007.03.22"]
[Round "4"]
[White "Doberitz, Paul"]
[Black "Berry, Stephen H"]
[Result "1/2-1/2"]
[WhiteElo "1967"]
[BlackElo "2379"]
[PlyCount "40"]
[EventDate "2007.03.20"]
[EventType "swiss"]
[EventRounds "9"]
[EventCountry "GER"]
[SourceTitle "EXT 2008"]
[Source "ChessBase"]
[SourceDate "2007.11.25"]
[SourceVersion "1"]
[SourceVersionDate "2007.11.25"]
[SourceQuality "1"]

1. e4 Nf6 2. e5 Nd5 3. c4 Nb6 4. d4 d6 5. exd6 exd6 6. Nc3 Nc6 7. Be2 Be7 8. h3
O-O 9. Nf3 Bf6 10. O-O Re8 11. Re1 Bf5 12. a3 h6 13. b4 d5 14. c5 Nc4 15. Bf4
a6 16. Bxc7 Qd7 17. Bf4 Ne7 18. Ne5 Bxe5 19. dxe5 Rad8 20. Qb3 Ng6 1/2-1/2